LEADER 01534nam a2200361 a 4500 001 000000138264 003 CaOOAMICUS 005 20140430114356.0 008 140430s1997 it u000 u ita r 020 $z88-384-2831-X* 040 $aPUL$bita 082 04$a242 100 1 $aLuther, Martin,$d1483-1546.$0(OLS)http://pul/name/1508 245 10$aPreghiere /$cMartin Lutero ; a cura e con Introduzione di Stefano Cavallotto. 260 $aCasale Monferrato :$bPiemme,$cİ1997. 300 $a327 p. ;$c21 cm 490 1 $aAnima del mondo ;$v09 504 $aBibliografia in nota. 650 4$aPreghiera$ySec. XVI.$0(OLS)http://pul/subject/40484 700 1 $aCavallotto, Stefano.$0(OLS)http://pul/name/62495 830 2$aL'Anima del mondo ;$v09.$0(OLS)http://pul/title/65318 850 $aPUL 852 $aPUL$W1$xSL Religione 3$y85$m242 LUTMA 1$j159445$qDDC 21$B158988$CPULBib$Z2$F158988 $H123885 $82 852 $aPUL$W1$xDP2 Religione 3$y114$m242 LUTMA 1B$j192953$b2. copia$qDDC 21$B198258$CPULBib$Z2$F198258 $H131410 $81 900 $aLuter, Martin,$d1483-1546$91508 900 $aMartin Lutero,$d1483-1546$91508 900 $aLutero, Martino,$d1483-1546$91508 941 1 $a9 996 $6020$z88-384-2831-X*$9(OLS)http://pul/number/155116 996 $6082$a242$9(OLS)http://pul/classification/642 996 $6245$aPreghiere$9(OLS)http://pul/title/173336 996 $6260$aCasale Monferrato :$bPiemme$9(OLS)http://pul/publisher/51813 LEADER 01474nam a2200313 a 4500 001 000000171917 003 CaOOAMICUS 005 20190523125134.0 008 190523s2019 it u000 u ita r 020 $z978-88-10-60475-5* 032 $aLibriCat 040 $aPUL$bita$d 245 00$aChiesa e Islam in Italia : $bincontro e dialogo /$ca cura di Antonio Angelucci ... [et al.] ; prefazione del cardinale Gualtiero Bassetti ; postfazione di monsignor Ambrogio Spreafico e Cristiano Bettega. 260 $aBologna :$bEDB,$cc2019. 300 $a186 p. ;$c21 cm 504 $aBibliografia in nota. 650 4$aCristianesimo e altre religioni$xIslamismo$zItalia.$0(OLS)http://pul/subject/34867 700 1 $aBettega, Cristiano.$0(OLS)http://pul/name/98895 700 1 $aAngelucci, Antonio.$0(OLS)http://pul/name/108689 700 1 $aSpreafico, Ambrogio.$0(OLS)http://pul/name/6781 700 1 $aBassetti, Gualtiero,$cCard.,$d1942-$0(OLS)http://pul/name/110367 830 0$aReligione e religioni ;$v19.$0(OLS)http://pul/title/131124 850 $aPUL 852 $aPUL$W1$xSL Religione 3$y85$m261. 27 ANGAN 1$j195770$qDDC 21$B200613$CPULBib$Z2$F200613 $H132762 $82 941 1 $a9 996 $6020$z978-88-10-60475-5*$9(OLS)http://pul/number/166079 996 $6245$aChiesa e Islam in Italia : $bincontro e dialogo$9(OLS)http://pul/title/212785 996 $6260$aBologna :$bEDB$9(OLS)http://pul/publisher/56073